000 00484nam a22001817a 4500
003 OSt
005 20240520104018.0
008 240520b |||||||| |||| 00| 0 eng d
020 _a0521822335
040 _cDDC
082 _a523.1125 SHO 2003.
245 _aCosmic Company: The Search for Life in the Universe.
260 _aUK,
_bCambridge University,
_c2003.
300 _avi;161p,
_bill,
_c19.3cm.
504 _aReferences,index
650 _aPhysics
_9809
942 _2ddc
_cO_SHELF
999 _c8340
_d8340